Associated press coverage of a major disaster : the crash of delta flight 1141

Saved in:
Bibliographic Details
Main Author: FENSCH, Thomas
Format: Book
Language:English
Published: Routledge 2016
Tags: Add Tag
No Tags, Be the first to tag this record!

MARC

LEADER 00000nam a22000007a 4500
008 240610b |||||||| |||| 00| 0 eng d
020 |a 9781138928213 
100 |a FENSCH, Thomas 
245 |a Associated press coverage of a major disaster  |b : the crash of delta flight 1141  |c Thomas Frensch  |g xvii, 431p. ill 
260 |b Routledge  |c 2016  |h Abingdon, Oxon  |i 700125  |i 700126  |l HE9784.5F35  |m Aeronautics - texas- accidents- case studies  |m Aeronautics - accidents- 1988- case studies  |m Associated press- case studies   |m Disasters in the press- United states- case studies 
500 |a It includes references and index 
942 |a lcc  |c BK  |e Adeyemo O.O  |f 10/06/2024 
952 |0 0  |1 0  |2 lcc  |4 0  |6 HE97845 F35  |7 0  |9 5281  |a SSL  |b HOL  |c GJ  |d 2024-06-10  |l 0  |o HE9784.5F35  |p 2024-0524  |r 2024-06-10 00:00:00  |t 700125  |w 2024-06-10  |y BK 
952 |0 0  |1 0  |2 lcc  |4 0  |6 HE97845 F35  |7 0  |9 5282  |a SSL  |b HOL  |c GJ  |d 2024-06-10  |l 0  |o HE9784.5F35  |p 2024-0525  |r 2024-06-10 00:00:00  |t 700126  |w 2024-06-10  |y BK 
999 |c 2617  |d 2617